000 00458nam a2200181Ia 4500
001 20944
005 20260306172843.0
008 260306t2012||||xx |||||||||||||| ||spa||
041 _aESP
082 _a343.8C6
_bJ53
100 _aJiménez Castañeda, Francisco
_eAUT
245 0 _aCódigo tributario:
_bsumillado concordado jurisprudencia actualizada
260 _c2012
300 _a
_c
650 _aGEN
654 _aCCO
942 _cLIB
_dJUS
_fJUS
_2ddc
_n
999 _c20944
_d20944